[Event "Challenge"]
[Site "http://www.queenalice.com/game.php?id=1232878"]
[Date "2013.11.16"]
[Round "-"]
[White "Zugswang"]
[Black "Talon"]
[Result "1-0"]
[WhiteElo "2216"]
[BlackElo "2472"]

1. e4 c5 2. Nc3 Nc6 3. g3 Nf6 4. Bg2 e6 5. Nge2 Qb6 6. O-O Be7 7. d3 O-O 8. h3
d6 9. a3 Bd7 10. Bg5 Qxb2 11. Rb1 Qxa3 12. Rxb7 Rab8 13. Qb1 Rxb7 14. Qxb7 Rb8
15. Qc7 Qa6 16. Rb1 Rxb1+ 17. Nxb1 Qb6 18. Qxb6 axb6 19. Nbc3 Nb4 20. Bd2 1-0

[Event "Challenge"]
[Site "http://www.queenalice.com/game.php?id=1233864"]
[Date "2013.11.20"]
[Round "-"]
[White "GriffithFemto"]
[Black "Talon"]
[Result "0-1"]
[WhiteElo "1100"]
[BlackElo "2462"]

1. e4 e5 2. Nf3 Nc6 3. Bc4 Nf6 4. Ng5 d5 5. exd5 Na5 6. Bb5+ c6 7. dxc6 bxc6 8.
Be2 h6 9. Nf3 e4 10. Ne5 Bc5 11. c3 O-O 12. b4 Bd6 13. f4 exf3 14. Nxf3 Re8 15.
O-O Qe7 16. Re1 Bg4 17. bxa5 Bxf3 18. gxf3 Qe5 19. f4 Qxf4 0-1

[Event "Challenge"]
[Site "http://www.queenalice.com/game.php?id=1233865"]
[Date "2013.11.20"]
[Round "-"]
[White "Talon"]
[Black "GriffithFemto"]
[Result "1-0"]
[WhiteElo "2461"]
[BlackElo "1100"]

1. d4 Nf6 2. Nf3 c5 3. d5 b5 4. e4 Nxe4 5. Be2 b4 6. O-O d6 7. a3 bxa3 8. Bb5+
Bd7 9. Nxa3 g6 10. Re1 f5 11. Ng5 Nxg5 12. Bxg5 Kf7 13. Qe2 Bxb5 14. Qe6+ 1-0

[Event "Challenge"]
[Site "http://www.queenalice.com/game.php?id=1243926"]
[Date "2013.12.30"]
[Round "-"]
[White "picapal"]
[Black "Talon"]
[Result "0-1"]
[WhiteElo "1978"]
[BlackElo "2465"]

1. e4 c5 2. Nf3 Nc6 3. d4 cxd4 4. Nxd4 e5 5. Nf5 Nf6 6. Bg5 d5 7. Bxf6 gxf6 8.
Ng3 dxe4 9. Qxd8+ Kxd8 10. Nc3 f5 11. O-O-O+ Kc7 12. Nb5+ Kb6 13. c3 Be6 14. b3
Rd8 15. Rxd8 Bh6+ 16. Kb2 Rxd8 17. Na3 Rd2+ 18. Ka1 Rxf2 19. Bc4 Rxg2 20. Bxe6
fxe6 21. Nc4+ Kc5 22. a4 Rc2 23. Nb2 Rxc3 24. Ka2 Nb4+ 25. Ka3 Bc1 26. Ne2 Bxb2+
27. Kxb2 Rc2+ 28. Ka3 Ra2# 0-1

[Event "Challenge"]
[Site "http://www.queenalice.com/game.php?id=1259141"]
[Date "2014.2.23"]
[Round "-"]
[White "Talon"]
[Black "fernando1971"]
[Result "1-0"]
[WhiteElo "2497"]
[BlackElo "2438"]

1. d4 d5 2. c4 e6 3. Nf3 Nf6 4. Nc3 Bb4 5. Bg5 Nbd7 6. e3 c5 7. cxd5 exd5 8. Bd3
c4 9. Bf5 h6 10. Bh4 g6 11. Bc2 Qa5 12. O-O Bxc3 13. bxc3 Qxc3 14. Qb1 g5 15.
Bg3 Qa3 16. h4 g4 17. Ne5 Qa5 18. e4 Qb6 19. Qc1 Nh5 20. exd5 Nxg3 21. Re1 Nxe5
22. Qa3 Qxd4 23. Rad1 Qxd1 24. Bxd1 f6 25. fxg3 Bd7 26. Qd6 Rf8 27. Qc7 Rc8 28.
Qd6 Rf7 29. Bc2 Kd8 30. Bf5 c3 31. Bxd7 Nxd7 32. Qe6 Ne5 33. Rxe5 fxe5 34. Qxf7
c2 35. d6 c1=Q+ 36. Kh2 1-0

[Event "AUTO-ELITE-1177"]
[Site "http://www.queenalice.com/game.php?id=1282293"]
[Date "2014.5.17"]
[Round "2"]
[White "pikejohn"]
[Black "Talon"]
[Result "0-1"]
[WhiteElo "2420"]
[BlackElo "2476"]

1. e4 c5 2. c3 Nf6 3. e5 Nd5 4. Nf3 d6 5. d4 cxd4 6. cxd4 Nc6 7. Bc4 Nb6 8. Bb5
dxe5 9. Nxe5 Bd7 10. Nxd7 Qxd7 11. Nc3 e6 12. O-O a6 13. Bxc6 Qxc6 14. Bf4 Be7
15. Qg4 Bf6 16. Rfd1 O-O 17. Bh6 Qd6 18. Rd3 Rfc8 19. Rf3 Qe7 20. Rd1 Nd5 21.
Nxd5 exd5 22. Re3 Qd8 23. b3 Rc2 24. Rde1 Rxa2 25. h3 Rc2 26. Bg5 Bxg5 27. Qxg5
h6 28. Re7 hxg5 0-1

[Event "AUTO-ELITE-1177"]
[Site "http://www.queenalice.com/game.php?id=1282294"]
[Date "2014.5.17"]
[Round "2"]
[White "Talon"]
[Black "pikejohn"]
[Result "1-0"]
[WhiteElo "2469"]
[BlackElo "2427"]

1. d4 d5 2. c4 c6 3. e3 Bf5 4. Nc3 e6 5. Nf3 Nd7 6. Bd3 Bg6 7. e4 dxc4 8. Bxc4
Ngf6 9. e5 Nd5 10. O-O Be7 11. Bd3 O-O 12. Bxg6 hxg6 13. Ne4 Rc8 14. Nfg5 Bxg5
15. Nxg5 Qe7 16. Qd3 Rfd8 17. Qh3 Nf8 18. Ne4 Qc5 19. Nxc5 1-0

[Event "danielglowinski"]
[Site "http://www.queenalice.com/game.php?id=1284057"]
[Date "2014.5.26"]
[Round "1"]
[White "kokokinel"]
[Black "Talon"]
[Result "0-1"]
[WhiteElo "2019"]
[BlackElo "2468"]

1. e4 c5 2. c3 e6 3. d4 cxd4 4. cxd4 d5 5. exd5 exd5 6. Nf3 Nf6 7. Nc3 Bd6 8.
Bd3 O-O 9. O-O Nc6 10. h3 Re8 11. Bg5 Be6 12. a3 h6 13. Be3 a6 14. Qb3 Qd7 15.
Na4 Bxh3 16. gxh3 Qxh3 17. Qd1 Ng4 18. Bf5 Rxe3 19. fxe3 Bh2+ 20. Kh1 Bf4+ 21.
Kg1 Bxe3+ 22. Rf2 Bxf2# 0-1

[Event "Challenge"]
[Site "http://www.queenalice.com/game.php?id=1308387"]
[Date "2014.9.15"]
[Round "-"]
[White "highlander7"]
[Black "Talon"]
[Result "1-0"]
[WhiteElo "2421"]
[BlackElo "2504"]

1. d4 d5 2. c4 c6 3. Nf3 Nf6 4. Nc3 dxc4 5. a4 Bf5 6. e3 e6 7. Bxc4 Bb4 8. O-O
Nbd7 9. Nh4 Bg6 10. Nxg6 hxg6 11. h3 O-O 12. Qb3 Qb6 13. Rd1 a5 14. Qc2 Rad8 15.
Rb1 Qc7 16. Na2 Be7 17. Bd2 Ra8 18. Be2 Rfc8 19. Nc1 Nd5 20. Nd3 N7f6 21. Bf3
Nb4 22. Nxb4 axb4 23. b3 Rd8 24. Bc1 Nd5 25. Bb2 1-0

[Event "AUTO-ELITE-1389"]
[Site "http://www.queenalice.com/game.php?id=1309494"]
[Date "2014.9.20"]
[Round "1"]
[White "pumamercedino"]
[Black "Talon"]
[Result "0-1"]
[WhiteElo "2313"]
[BlackElo "2494"]

1. d4 d5 2. c4 c6 3. Nc3 Nf6 4. Nf3 e6 5. e3 Nbd7 6. Qc2 Bd6 7. b3 O-O 8. Be2 b6
9. Bb2 Bb7 10. O-O Qe7 11. Rfd1 h6 12. e4 dxe4 13. Nxe4 Nxe4 14. Qxe4 Rad8 15.
Rac1 Nf6 16. Qc2 c5 17. dxc5 Bxc5 18. Bd4 Ng4 19. h3 Rxd4 20. Nxd4 Nxf2 0-1

[Event "AUTO-ELITE-1389"]
[Site "http://www.queenalice.com/game.php?id=1309495"]
[Date "2014.9.20"]
[Round "1"]
[White "Talon"]
[Black "pumamercedino"]
[Result "1-0"]
[WhiteElo "2498"]
[BlackElo "2286"]

1. c4 c5 2. Nf3 Nc6 3. Nc3 g6 4. e3 Nf6 5. d4 d6 6. d5 Nb8 7. h3 Bg7 8. e4 O-O
9. Bd3 e6 10. O-O exd5 11. exd5 Na6 12. Bg5 h6 13. Bf4 Nc7 14. Qd2 g5 15. Bh2 b5
16. cxb5 Rb8 17. Rad1 a6 18. bxa6 Bxa6 19. Bxa6 Nxa6 20. Qd3 Nc7 21. Nd2 Nfe8
22. Nc4 f5 23. f4 Bd4+ 24. Kh1 g4 25. hxg4 fxg4 26. f5 Nb5 27. Ne2 Bg7 28. Nf4
Rf7 29. f6 Bxf6 30. Ne6 Qd7 31. Nxc5 1-0

[Event "AUTO-ELITE-1389"]
[Site "http://www.queenalice.com/game.php?id=1309500"]
[Date "2014.9.20"]
[Round "1"]
[White "Talon"]
[Black "docjan"]
[Result "1-0"]
[WhiteElo "2507"]
[BlackElo "2434"]

1. c4 Nf6 2. d4 g6 3. Nc3 d5 4. cxd5 Nxd5 5. e4 Nxc3 6. bxc3 Bg7 7. Nf3 c5 8.
Rb1 O-O 9. Be2 Qc7 10. O-O b6 11. Re1 Bb7 12. Qd3 Nd7 13. Bg5 e6 14. Qe3 Nf6 15.
Bf4 Qe7 16. Bd3 Nh5 17. Bh6 Rfd8 18. a4 Rac8 19. Qd2 Ba8 20. Bg5 Bf6 21. h4 Rc7
22. Bf1 Bxg5 23. hxg5 Qd6 24. Ra1 cxd4 25. cxd4 Rdc8 26. Ra2 Qf4 27. Qxf4 Nxf4
28. a5 b5 29. g3 Nh5 30. Bxb5 h6 31. gxh6 Kh7 32. Ne5 Kxh6 33. Rd2 Kg7 34. Rdd1
Rc2 35. Ba6 Rd8 36. Bf1 g5 37. d5 exd5 38. Nf3 Rc5 39. e5 Rxa5 40. Nd4 Kg8 41.
e6 fxe6 42. Rxe6 Ra4 43. Rh6 Ng7 44. Rg6 Kf8 45. Rxg5 Rb4 46. Rg4 Rb6 47. Ra1
Rd7 48. Bd3 Re7 49. Rh4 Kg8 50. Kf1 Bc6 51. Kg2 Be8 52. Rg4 Rc7 53. Rg5 Bd7 54.
Re1 a5 55. Rxd5 a4 56. Ra5 Ne6 57. Nxe6 Bxe6 58. Rxa4 Rd6 59. Rxe6 Rxd3 60. Rea6
Kf7 61. Rf4+ Kg7 62. Rg4+ Kf8 63. Rf6+ Rf7 64. Rgf4 Rxf6 65. Rxf6+ Kg8 66. f4
1-0

[Event "AUTO-ELITE-1389"]
[Site "http://www.queenalice.com/game.php?id=1309501"]
[Date "2014.9.20"]
[Round "1"]
[White "docjan"]
[Black "Talon"]
[Result "0-1"]
[WhiteElo "2441"]
[BlackElo "2500"]

1. e4 c5 2. Nf3 d6 3. d4 cxd4 4. Nxd4 Nf6 5. Nc3 a6 6. Be3 e5 7. Nf5 d5 8. Bg5
d4 9. Bxf6 gxf6 10. Nb1 Bxf5 11. exf5 Qd5 12. f3 Qa5+ 13. Nd2 Nc6 14. a3 Ne7 15.
Bd3 Bh6 16. b4 Qd8 17. O-O Nd5 18. Qe1 Bxd2 19. Qxd2 Qe7 20. Rae1 O-O-O 21. f4
Kb8 22. fxe5 fxe5 23. f6 Qc7 24. Rf3 h5 25. a4 Rhe8 26. Be4 Nc3 27. a5 Qc4 28.
Rf5 Qxb4 29. Bf3 Qc5 30. Bxh5 Qc7 31. h4 Nd5 32. Re4 Ne3 33. Rg5 Re6 34. Qf2 Ka8
35. Rg7 Rf8 36. Kh1 Qd8 37. Rg5 Qxa5 38. Bg4 Qd5 39. Bf3 Qd6 40. Qg3 Rfe8 41.
Rg8 Qc7 42. h5 Ka7 43. Rxe8 Rxe8 44. Qf2 Nxc2 45. g4 Nb4 46. Qg3 Qc1+ 47. Re1
Qg5 48. Be4 Rc8 49. Bg2 Nd3 50. Rb1 Nc5 51. Re1 d3 52. Rxe5 Qc1+ 53. Kh2 d2 54.
Bf3 Qc2 55. Qg2 Rd8 56. Be2 d1=Q 57. Bxd1 Qxd1 58. Re2 Rd3 0-1

[Event "Challenge"]
[Site "http://www.queenalice.com/game.php?id=1313279"]
[Date "2014.10.7"]
[Round "-"]
[White "Talon"]
[Black "highlander7"]
[Result "1/2-1/2"]
[WhiteElo "2502"]
[BlackElo "2409"]

1. c4 d6 2. Nc3 Nf6 3. Nf3 c5 4. d4 cxd4 5. Nxd4 g6 6. e4 Nc6 7. Be2 Nxd4 8.
Qxd4 Bg7 9. Bg5 O-O 10. Qd2 Be6 11. Rc1 Qa5 12. b3 Rad8 13. f3 Rfe8 14. O-O Rc8
15. Rfd1 Red8 16. Be3 Nd7 17. Nd5 Qxd2 18. Rxd2 Re8 19. b4 b6 20. Kf2 Bxd5 21.
Rxd5 Rc7 22. a4 Rb8 23. g3 Bb2 24. Rb1 Bg7 25. Rdd1 Ra8 26. f4 a5 27. e5 axb4
28. exd6 exd6 29. Rxb4 Bf8 30. Bf3 Ra6 31. Rd5 Nc5 32. Bd1 f5 33. Bc2 Rca7 34.
Bxc5 dxc5 1/2-1/2

[Event "danielglowinski"]
[Site "http://www.queenalice.com/game.php?id=1329820"]
[Date "2014.12.21"]
[Round "2"]
[White "Talon"]
[Black "greggy"]
[Result "1/2-1/2"]
[WhiteElo "2517"]
[BlackElo "2575"]

1. d4 d5 2. c4 e6 3. Nc3 Nf6 4. Nf3 Be7 5. Bf4 O-O 6. e3 c5 7. dxc5 Bxc5 8. cxd5
Nxd5 9. Nxd5 exd5 10. a3 Nc6 11. Bd3 Bb6 12. O-O d4 13. exd4 Nxd4 14. Be5 g6 15.
Bxd4 Bxd4 16. Bxg6 Bxf2+ 17. Rxf2 Qxd1+ 18. Rxd1 fxg6 19. Rd4 b6 20. h4 Bb7 21.
Ng5 Bc6 22. Rd6 Bb5 23. Ne6 Rxf2 24. Kxf2 Rc8 25. Nd4 Ba4 26. b3 Be8 27. Ke3 Kf7
28. Kf4 Rc1 29. Rd8 Rf1+ 30. Nf3 Ra1 31. a4 Rb1 32. Rd3 Kf6 33. Rc3 h6 34. g4
Rf1 35. g5+ hxg5+ 36. hxg5+ Ke6 1/2-1/2

[Event "AUTO-ELITE-1389"]
[Site "http://www.queenalice.com/game.php?id=1329927"]
[Date "2014.12.22"]
[Round "2"]
[White "Sexxy_Bunny"]
[Black "Talon"]
[Result "1/2-1/2"]
[WhiteElo "2628"]
[BlackElo "2518"]

1. e4 c5 2. Nf3 d6 3. d4 cxd4 4. Nxd4 Nf6 5. Nc3 Nc6 6. Bg5 e6 7. Qd2 Be7 8.
O-O-O O-O 9. f4 Nxd4 10. Qxd4 h6 11. Bh4 Qa5 12. Bc4 e5 13. fxe5 dxe5 14. Qd3
Bg4 15. Bxf6 Bxf6 16. Rdf1 Qc5 17. Bd5 Be6 18. Kb1 Rad8 19. Qe2 Be7 20. Rd1 a6
21. Rhf1 b5 22. a3 Rb8 23. Na2 a5 24. Nc1 Qb6 25. Bxe6 fxe6 26. g3 Rxf1 27. Rxf1
Bf6 28. h4 Qc6 29. Qg4 Kh7 30. Rd1 Rc8 31. Rd2 b4 32. axb4 axb4 33. Nb3 Be7 34.
Rf2 Bd8 35. Na1 Qe8 36. Rd2 Bb6 37. Rd6 Qf8 38. Qd1 Bd4 39. Rxe6 Ra8 40. Nb3 Qf7
41. Nxd4 exd4 42. Rd6 Qa2+ 43. Kc1 Rf8 44. Qxd4 Rf1+ 45. Kd2 Qb1 46. Ke3 Qxc2
47. Qd2 Qc5+ 48. Rd4 Rf8 49. Qd1 Qc7 50. Qe1 Qc2 51. Qd2 Qb1 52. Rd5 Qg1+ 53.
Kd3 Qxg3+ 54. Kc4 Qxh4 55. Qd3 Qf2 56. Rf5 Rxf5 57. exf5 Qh4+ 58. Kb3 Kh8 59.
Qe2 Qg5 60. Kxb4 h5 61. Kc4 Qf4+ 62. Kc3 Qxf5 63. b3 Qf6+ 64. Kc2 h4 65. b4 h3
66. Qh2 Qe6 67. Kb2 g5 1/2-1/2

[Event "AUTO-ELITE-1389"]
[Site "http://www.queenalice.com/game.php?id=1329928"]
[Date "2014.12.22"]
[Round "2"]
[White "Talon"]
[Black "Sexxy_Bunny"]
[Result "1/2-1/2"]
[WhiteElo "2514"]
[BlackElo "2683"]

1. d4 Nf6 2. c4 e6 3. Nf3 d5 4. Nc3 c6 5. Bg5 Nbd7 6. e3 Qa5 7. Nd2 Bb4 8. Qc2
O-O 9. Be2 e5 10. dxe5 Ne4 11. Ncxe4 dxe4 12. Rd1 Nxe5 13. O-O Bxd2 14. Qxd2
Qxd2 15. Rxd2 Be6 16. b3 f6 17. Bf4 Rad8 18. Rfd1 Rxd2 19. Rxd2 Nd3 20. Bxd3 Rd8
21. f3 Rxd3 22. Rxd3 exd3 23. e4 f5 24. h3 fxe4 25. fxe4 a5 26. a4 Bd7 27. Kf2
b5 28. Ke3 bxc4 29. bxc4 c5 30. Bc7 Bxa4 31. Kxd3 Kf7 32. Bxa5 Ke6 33. h4 g6 34.
Bb6 Kd6 35. Ba7 Bb3 36. e5+ Kxe5 37. Bxc5 Ba4 38. Kc3 h5 39. Bf8 Bc6 40. g3 Ke4
1/2-1/2

[Event "danielglowinski"]
[Site "http://www.queenalice.com/game.php?id=1353947"]
[Date "2015.4.16"]
[Round "3"]
[White "npeter"]
[Black "Talon"]
[Result "1/2-1/2"]
[WhiteElo "2242"]
[BlackElo "2521"]

1. d4 d6 2. c4 e5 3. Nf3 e4 4. Ng5 f5 5. Nc3 Be7 6. Nh3 c6 7. g3 Na6 8. Bg2 Nf6
9. O-O O-O 10. d5 Qa5 11. a3 Nc7 12. b4 Qa6 13. Qb3 cxd5 14. cxd5 Nb5 15. Nxb5
Qxb5 16. Nf4 a5 17. Bd2 axb4 18. a4 Qa6 19. h4 Bd7 20. Qxb4 Rfc8 21. Rfc1 Rxc1+
22. Rxc1 Qxa4 23. Qxb7 Kf7 24. Bc3 Qa7 25. Qb2 Qa3 26. Qxa3 Rxa3 27. Bd4 Rb3 28.
Rc7 Bd8 29. Ra7 Bb6 30. Bxb6 Rxb6 31. Bh3 Ke8 32. h5 Rb5 33. Ra8+ Kf7 34. Ra7
Ke8 35. Ra8+ Kf7 36. Ra7 Ke8 1/2-1/2